[Event "SRI-ch (Women)"]
[Site "Nugegoda"]
[Date "2021.12.28"]
[Round "9"]
[White "Vithanawasam, Oneli"]
[Black "Tharushi, THD Niklesha"]
[Result "0-1"]
[WhiteElo "1345"]
[BlackElo "1711"]
[PlyCount "82"]
[EventDate "2021.12.24"]
[EventType "tourn"]
[EventRounds "13"]
[EventCountry "SRI"]
[SourceTitle "CBM 205 Extra"]
[Source "ChessBase"]
[SourceDate "2022.01.31"]
[SourceVersion "1"]
[SourceVersionDate "2022.01.31"]
[SourceQuality "1"]

1. d4 d5 2. Bf4 Nf6 3. e3 c5 4. c3 Nc6 5. Nf3 Qb6 6. Qc2 g6 7. Nbd2 Bg7 8. Be2 0-0 9. 0-0 Nh5 10. dxc5 Qxc5 11. Bg3 Nxg3 12. hxg3 e5 13. b4 Nxb4 14. Qb2 Nc6 15. Nb3 Qe7 16. Rfd1 Be6 17. a4 Rfd8 18. Rd2 g5 19. Qa3 Bf8 20. Qxe7 Bxe7 21. Rb1 Rac8 22. Rdb2 f6 23. Bb5 Nb8 24. Nc1 Rxc3 25. Ne2 Rc7 26. a5 Bd7 27. Ne1 Bxb5 28. Rxb5 Rdd7 29. Nd3 Nc6 30. Nc5 Bxc5 31. Rxc5 Nd8 32. Rcb5 a6 33. Rb6 Kf7 34. R6b3 Rc5 35. Ra1 Nc6 36. Rba3 d4 37. exd4 exd4 38. Nc1 Rdd5 39. Nb3 Rb5 40. Kf1 d3 41. Ke1 Nb4 0-1

[Event "Eastern Asia-ch U18 Girls"]
[Site "Tornelo INT"]
[Date "2021.10.24"]
[Round "8"]
[White "Vithanawasam, Oneli"]
[Black "Chuersakul, Sarocha"]
[Result "1/2-1/2"]
[WhiteElo "1067"]
[BlackElo "1680"]
[PlyCount "87"]
[EventDate "2021.10.22"]
[EventType "swiss"]
[EventRounds "9"]
[EventCountry "NET"]
[SourceTitle "EXT 2023"]
[Source "ChessBase"]
[SourceDate "2022.10.05"]
[SourceVersion "1"]
[SourceVersionDate "2022.10.05"]
[SourceQuality "1"]

1. d4 Nf6 2. Bf4 d5 3. e3 e6 4. Nf3 c5 5. c3 Bd6 6. Bg3 Nc6 7. Nbd2 0-0 8. Bd3 c4 9. Bc2 Re8 10. Ne5 Bxe5 11. dxe5 Nd7 12. f4 Qb6 13. 0-0 Qxb2 14. Rc1 Qxa2 15. Nf3 g6 16. Nh4 Qa3 17. Qg4 Qe7 18. h3 b5 19. Nf3 h5 20. Qh4 Qxh4 21. Bxh4 a5 22. g4 hxg4 23. hxg4 b4 24. Kf2 Kg7 25. Bg3 f5 26. gxf5 exf5 27. Rg1 Kf7 28. Ng5+ Kg7 29. Rh1 Nf8 30. Rh2 b3 31. Bb1 Ra7 32. Rch1 a4 33. Nf3 a3 34. Bh4 Kf7 35. Ng5+ Ke7 36. Ne4+ Ke6 37. Nc5+ Kf7 38. Bf6 a2 39. Rh7+ Nxh7 40. Rxh7+ Kg8 41. Rh8+ Kf7 42. Rh7+ Kf8 43. Rh8+ Kf7 44. Rh7+ 1/2-1/2

[Event "World Cup U18 Girls Prel"]
[Site "Tornelo INT"]
[Date "2021.08.01"]
[Round "1"]
[White "Ahmed, Walijah"]
[Black "Vithanawasam, Oneli"]
[Result "0-1"]
[WhiteElo "1904"]
[BlackElo "1349"]
[PlyCount "98"]
[EventDate "2021.08.01"]
[EventType "swiss (rapid)"]
[EventRounds "10"]
[EventCountry "NET"]
[SourceTitle "EXT 2024"]
[Source "ChessBase"]
[SourceDate "2023.10.10"]
[SourceVersion "1"]
[SourceVersionDate "2023.10.10"]
[SourceQuality "1"]

1. e4 c6 2. d4 d5 3. Nc3 dxe4 4. Nxe4 Nf6 5. Nxf6+ exf6 6. c3 Bd6 7. Bd3 0-0 8. Qc2 Re8+ 9. Ne2 h5 10. 0-0 Nd7 11. Bd2 Nf8 12. Rae1 Qc7 13. h3 Bd7 14. f4 c5 15. Be4 cxd4 16. Nxd4 Bc5 17. Be3 a6 18. f5 Bb5 19. Nxb5 Bxe3+ 20. Rxe3 axb5 21. a3 Re5 22. Rfe1 Rae8 23. Kh1 Nd7 24. R3e2 Qb6 25. Bf3 Qc7 26. Bxh5 Qc5 27. Qb3 Qc4 28. Qxc4 bxc4 29. Bf3 Rxe2 30. Rxe2 Rxe2 31. Bxe2 Ne5 32. Kg1 Kf8 33. Kf2 Ke7 34. Ke3 Kd6 35. Kd4 b5 36. Bd1 g6 37. fxg6 fxg6 38. a4 bxa4 39. Bxa4 Nd3 40. Kxc4 Nxb2+ 41. Kb4 Nd3+ 42. Kb3 Nc5+ 43. Kb4 g5 44. c4 f5 45. Bc2 f4 46. Bd1 Na6+ 47. Kb5 Nc5 48. Bf3 Nd3 49. Be4 Nc5 0-1

[Event "World Cup U18 Girls Prel"]
[Site "Tornelo INT"]
[Date "2021.08.01"]
[Round "5"]
[White "Kazi Zarin, Tasnim"]
[Black "Vithanawasam, Oneli"]
[Result "0-1"]
[WhiteElo "1822"]
[BlackElo "1349"]
[PlyCount "30"]
[EventDate "2021.08.01"]
[EventType "swiss (rapid)"]
[EventRounds "10"]
[EventCountry "NET"]
[SourceTitle "EXT 2024"]
[Source "ChessBase"]
[SourceDate "2023.10.10"]
[SourceVersion "1"]
[SourceVersionDate "2023.10.10"]
[SourceQuality "1"]

1. e4 c6 2. d4 d5 3. Nc3 dxe4 4. Nxe4 Nf6 5. Nxf6+ exf6 6. c3 Bd6 7. Bd3 0-0 8. Qc2 Re8+ 9. Ne2 h5 10. 0-0 h4 11. Nf4 Nd7 12. Be3 Nf8 13. h3 Bd7 14. Rad1 Rc8 15. Qb3 Qc7 0-1

[Event "World Cup U18 Girls Prel"]
[Site "Tornelo INT"]
[Date "2021.08.01"]
[Round "6"]
[White "Vithanawasam, Oneli"]
[Black "Chua, Jia Tien"]
[Result "1-0"]
[WhiteElo "1349"]
[BlackElo "1822"]
[PlyCount "97"]
[EventDate "2021.08.01"]
[EventType "swiss (rapid)"]
[EventRounds "10"]
[EventCountry "NET"]
[SourceTitle "EXT 2024"]
[Source "ChessBase"]
[SourceDate "2023.10.10"]
[SourceVersion "1"]
[SourceVersionDate "2023.10.10"]
[SourceQuality "1"]

1. d4 f5 2. Bf4 e6 3. e3 Nf6 4. Nd2 c6 5. Ngf3 d5 6. c3 Nbd7 7. Bd3 Ne4 8. Ne5 Ndf6 9. f3 g5 10. fxe4 gxf4 11. exf5 fxe3 12. Nf1 exf5 13. Nxe3 f4 14. Nf5 Rg8 15. 0-0 Be6 16. Rxf4 Qc7 17. Nh6 Bxh6 18. Rxf6 Be3+ 19. Kh1 0-0-0 20. Rxe6 Qg7 21. Ng6 hxg6 22. Rxe3 Rh8 23. Qg4+ Kb8 24. Rae1 Qc7 25. Qg3 Qxg3 26. Rxg3 Rdg8 27. Rxg6 Rxg6 28. Bxg6 Rg8 29. Bh5 Kc7 30. Bf3 Kb6 31. Kg1 a5 32. Kf2 a4 33. b3 axb3 34. axb3 Kb5 35. Re7 b6 36. Rc7 Ra8 37. c4+ Kb4 38. cxd5 Ra2+ 39. Kg3 cxd5 40. Bxd5 Rd2 41. Bc4 Rxd4 42. Rb7 Kc5 43. h4 Rd6 44. h5 Kd4 45. Kh4 Ke5 46. g4 Kf4 47. Rf7+ Ke5 48. Re7+ Kd4 49. Re6 1-0